[Event "8th EUR-ch"]
[Site "Dresden GER"]
[Date "2007.04.09"]
[Round "7.179"]
[White "Kues, Hendrik"]
[Black "Kostopoulos, Evangellos"]
[Result "0-1"]
[WhiteElo "2243"]
[BlackElo "2120"]
[EventDate "2007.04.03"]
[PlyCount "46"]

1.c4 e5 2.g3 Nc6 3.Bg2 Nf6 4.Nc3 Bb4 5.Nd5 Bc5 6.a3 a5 7.e3 O-O 8.Ne2 Re8 
9.Nec3 d6 10.O-O Nxd5 11.Nxd5 e4 12.d4 exd3 13.Qxd3 Ne5 14.Qc3 Bg4 15.b4 
axb4 16.axb4 Rxa1 17.Qxa1 Bb6 18.Nxb6 cxb6 19.f4 Nxc4 20.Qd4 Qc8 21.f5 
Bxf5 22.Rxf5 Qxf5 23.Bxb7 Qc2 0-1

[Event "8th EUR-ch"]
[Site "Dresden GER"]
[Date "2007.04.09"]
[Round "7.180"]
[White "Hartoch, Robert"]
[Black "Godoj, Veit"]
[Result "1/2-1/2"]
[WhiteElo "2242"]
[BlackElo "2113"]
[EventDate "2007.04.03"]
[PlyCount "42"]

1.Nf3 c5 2.c4 g6 3.g3 Bg7 4.Bg2 Nc6 5.O-O d6 6.Nc3 e5 7.Ne1 Nge7 8.Nc2 O-O
9.a3 a5 10.Rb1 Be6 11.Ne3 Rb8 12.d3 Kh8 13.Ned5 f5 14.Bd2 Bg8 15.b4 axb4 
16.axb4 b6 17.Qa4 Nxd5 18.Nxd5 Ne7 19.bxc5 Nxd5 20.cxd5 bxc5 21.Ba5 Qe7 
1/2-1/2

[Event "8th EUR-ch"]
[Site "Dresden GER"]
[Date "2007.04.09"]
[Round "7.181"]
[White "Baer, Soeren"]
[Black "Lochte, Thomas"]
[Result "1/2-1/2"]
[WhiteElo "2129"]
[BlackElo "2221"]
[EventDate "2007.04.03"]
[PlyCount "115"]

1.d4 Nf6 2.c4 c5 3.d5 b5 4.cxb5 a6 5.bxa6 Bxa6 6.Nc3 d6 7.e4 Bxf1 8.Kxf1 
Nbd7 9.g3 g6 10.Kg2 Bg7 11.Nf3 Ng4 12.Qe2 O-O 13.Re1 Qa5 14.Nd2 Bxc3 15.
Nc4 Bxe1 16.Nxa5 Bxa5 17.Qxg4 Ne5 18.Qe2 c4 19.Be3 c3 20.bxc3 Bxc3 21.Rc1 
Ra3 22.Rc2 Bb4 23.Bc1 Ra5 24.Bd2 Bxd2 25.Qxd2 Ra4 26.Qe2 Rfa8 27.f4 Nd7 
28.e5 Nc5 29.exd6 exd6 30.f5 gxf5 31.Qf2 Nd3 32.Qd2 Nb4 33.Qg5+ Kf8 34.
Qh6+ Kg8 35.Qg5+ Kf8 36.Qh6+ Kg8 37.Rc4 Rxa2+ 38.Kh3 Nxd5 39.Rh4 Ne7 40.
Qxh7+ Kf8 41.Qh6+ Ke8 42.Qxd6 Ng6 43.Rb4 Rd8 44.Rb8 Rxb8 45.Qxb8+ Ke7 46.
Qb7+ Kf6 47.Qc6+ Kg5 48.Qd5 Re2 49.Qxf7 Ne5 50.Qg7+ Kh5 51.Qh7+ Kg5 52.
Qe7+ Kg6 53.Qe6+ Kg5 54.Qg8+ Kh5 55.Qh7+ Kg5 56.Qg7+ Kh5 57.Qh7+ Kg5 58.
Qg7+ 1/2-1/2

[Event "8th EUR-ch"]
[Site "Dresden GER"]
[Date "2007.04.09"]
[Round "7.182"]
[White "Boettger, Lukas"]
[Black "Sejkora, Vlastimil"]
[Result "1-0"]
[WhiteElo "2108"]
[BlackElo "2219"]
[EventDate "2007.04.03"]
[PlyCount "133"]

1.e4 c6 2.d4 d5 3.exd5 cxd5 4.Bd3 Nc6 5.c3 Nf6 6.h3 g6 7.Nf3 Bf5 8.O-O e6 
9.Re1 Qc7 10.Bg5 Be7 11.Qe2 a6 12.Nbd2 Nh5 13.Bxf5 gxf5 14.Bxe7 Kxe7 15.
Ne5 Nf4 16.Qf3 Ng6 17.Nxc6+ bxc6 18.Qxf5 Rag8 19.g3 h5 20.Nf3 Rg7 21.h4 
Nf8 22.Qe5 Qxe5 23.Rxe5 Kd6 24.b4 f6 25.Re2 Nd7 26.a4 Ra8 27.Rb1 Nb6 28.
Rbe1 Re7 29.a5 Nc4 30.Kg2 Rg8 31.Kh3 Kd7 32.Rg1 Reg7 33.Ne1 Nd6 34.f3 Nf5 
35.g4 Rh7 36.g5 Rhg7 37.f4 Nd6 38.Nd3 Ne4 39.Rgg2 Kd6 40.Nc5 f5 41.Re3 Ra7
42.Kh2 Ke7 43.Kg1 Rb8 44.Rb2 Kf7 45.Nd3 Rc7 46.Ne5+ Kg7 47.Rg2 Rd8 48.Rd3 
Rb8 49.Kf1 Rd8 50.Ke1 Rb8 51.Ke2 Rd8 52.Ke3 Rb8 53.Rg1 Rb5 54.Rc1 Rb8 55.
Rc2 Rb5 56.Rd1 Rb8 57.Nd3 Kf7 58.Nc5 Ra7 59.Kd3 Rb5 60.Rg1 Rb8 61.g6+ Kf6 
62.g7 Rg8 63.Rcg2 Nxc5+ 64.dxc5 Raxg7 65.Rxg7 Rxg7 66.Rxg7 Kxg7 67.b5 1-0

[Event "8th EUR-ch"]
[Site "Dresden GER"]
[Date "2007.04.09"]
[Round "7.183"]
[White "Van Hoolandt, Patrick"]
[Black "Almond, Richard"]
[Result "1-0"]
[WhiteElo "2205"]
[BlackElo "2088"]
[EventDate "2007.04.03"]
[PlyCount "89"]

1.d4 d5 2.c4 e6 3.Nf3 Nf6 4.Nc3 Be7 5.Qc2 O-O 6.cxd5 exd5 7.Bg5 c6 8.e3 
Ne4 9.Bf4 f5 10.Bd3 Nd7 11.h3 Qe8 12.Ne5 Bd6 13.Nxd7 Qxd7 14.Bxd6 Qxd6 15.
O-O Nxc3 16.bxc3 b5 17.a4 a6 18.axb5 cxb5 19.Bxb5 f4 20.exf4 Bxh3 21.Bd3 
Rxf4 22.gxh3 Rf3 23.Bxh7+ Kh8 24.Bf5 Rf8 25.Bg4 R3f6 26.f3 Qg3+ 27.Qg2 Qc7
28.Rac1 Re8 29.Qf2 Rc6 30.Rfe1 Rf8 31.Kg2 Qf4 32.Qe3 Qc7 33.Qe7 Qf4 34.Rc2
Rcf6 35.Qe5 Qh6 36.Qh5 a5 37.Qxh6+ gxh6 38.Re5 Rd8 39.Ra2 Rc6 40.Ra3 a4 
41.f4 Rb8 42.Rxd5 Rb2+ 43.Kg3 Rb3 44.Rxa4 Rcxc3+ 45.Kh4 1-0

[Event "8th EUR-ch"]
[Site "Dresden GER"]
[Date "2007.04.09"]
[Round "7.184"]
[White "Natsidis, Christoph"]
[Black "Pick, Stefan"]
[Result "1/2-1/2"]
[WhiteElo "2196"]
[BlackElo "2083"]
[EventDate "2007.04.03"]
[PlyCount "98"]

1.e4 d5 2.exd5 Nf6 3.Bb5+ Bd7 4.Bc4 Bg4 5.f3 Bc8 6.Nc3 Nbd7 7.Nge2 Nb6 8.
Bb3 Nbxd5 9.d4 Be6 10.Ne4 c6 11.Nc5 Bc8 12.Nd3 e6 13.Bg5 Be7 14.O-O h6 15.
Bd2 a5 16.a3 O-O 17.c4 Nc7 18.Rc1 b5 19.Bf4 Ba6 20.Ne5 Bb7 21.Nxc6 Bxc6 
22.Bxc7 Qd7 23.Be5 bxc4 24.Bxc4 Rfd8 25.Nc3 Nd5 26.Bxd5 Bxd5 27.Qd2 Bc4 
28.Rfe1 f6 29.Bg3 Qxd4+ 30.Qxd4 Rxd4 31.Ne4 Bd5 32.Nc5 e5 33.Bf2 Rd2 34.
Red1 Rxd1+ 35.Rxd1 Bc6 36.b3 Rb8 37.Rb1 Kf7 38.Be3 f5 39.Nd3 Kf6 40.b4 e4 
41.Bd4+ Ke6 42.Nf4+ Kd7 43.Rd1 Ke8 44.fxe4 Bxe4 45.Bxg7 axb4 46.axb4 Rxb4 
47.Bxh6 Bc5+ 48.Kh1 Rb2 49.Re1 Kf7 1/2-1/2

[Event "8th EUR-ch"]
[Site "Dresden GER"]
[Date "2007.04.09"]
[Round "7.186"]
[White "Magar, Johannes"]
[Black "Kregelin, Jan"]
[Result "1/2-1/2"]
[WhiteElo "2093"]
[BlackElo "2181"]
[EventDate "2007.04.03"]
[PlyCount "44"]

1.e4 c6 2.d4 d5 3.exd5 cxd5 4.Bd3 Nc6 5.c3 Qc7 6.Ne2 Bg4 7.f3 Bh5 8.Bf4 
Qd7 9.Bg3 e6 10.O-O Bd6 11.Nd2 Nge7 12.a4 Bg6 13.Nb3 Bxd3 14.Qxd3 Nf5 15.
Nc5 Qc7 16.Bxd6 Nxd6 17.Ng3 O-O 18.f4 g6 19.Qf3 b6 20.Nd3 f5 21.Ne5 Nxe5 
22.fxe5 Ne4 1/2-1/2

[Event "8th EUR-ch"]
[Site "Dresden GER"]
[Date "2007.04.09"]
[Round "7.187"]
[White "Salewski, Bernd"]
[Black "Kongevold, Hans"]
[Result "1-0"]
[WhiteElo "2043"]
[BlackElo "2178"]
[EventDate "2007.04.03"]
[PlyCount "87"]

1.d4 f5 2.Nc3 d5 3.Bg5 c6 4.Qd3 Nf6 5.Bxf6 exf6 6.g4 fxg4 7.h3 g3 8.Qxg3 
Bf5 9.O-O-O Qd6 10.Qf3 Qe6 11.Bg2 Bb4 12.h4 Bg4 13.Qd3 Na6 14.Kb1 Nc7 15.
f3 Bh5 16.Bh3 Qe7 17.a3 Bg6 18.Qd2 Bxc3 19.Qxc3 Nb5 20.Qd2 Nd6 21.Qb4 a5 
22.Qc5 Qc7 23.Be6 b6 24.Qc3 Bf7 25.Bxf7+ Kxf7 26.Nh3 Rae8 27.e3 Nb5 28.Qd3
Qg3 29.Qf5 Qc7 30.e4 Nd6 31.Qf4 Nb5 32.e5 Rhf8 33.a4 Nxd4 34.Rxd4 Qxe5 35.
Qd2 Qg3 36.Qf4 Qg2 37.Rdd1 Re7 38.Rdg1 Qe2 39.Qg3 g6 40.Re1 Qc4 41.Rxe7+ 
Kxe7 42.Qc7+ Ke6 43.Re1+ Kf5 44.Qd7# 1-0

[Event "8th EUR-ch"]
[Site "Dresden GER"]
[Date "2007.04.09"]
[Round "7.188"]
[White "Katte, Nicolas"]
[Black "Siedentopf, Daniel"]
[Result "0-1"]
[WhiteElo "1946"]
[BlackElo "2178"]
[EventDate "2007.04.03"]
[PlyCount "62"]

1.d4 f5 2.Nf3 Nf6 3.Bf4 g6 4.e3 Bg7 5.Bd3 d6 6.c3 O-O 7.Nbd2 Nc6 8.Nf1 Qe8
9.Qb3+ Kh8 10.Bb5 Bd7 11.O-O-O e5 12.dxe5 dxe5 13.Bxc6 Bxc6 14.Nxe5 Ba4 
15.Qxb7 Bxd1 16.Kxd1 Ne4 17.Nd3 Rd8 18.Ke2 Rxd3 19.Kxd3 Nxf2+ 20.Ke2 Nxh1 
21.g3 c6 22.Nd2 g5 23.Bxg5 Qh5+ 24.Nf3 Qh3 25.Qxc6 Qg2+ 26.Kd3 Nf2+ 27.Kc4
Ne4 28.Be7 Qe2+ 29.Kd5 Nf6+ 30.Ke6 Qxe3+ 31.Kxf5 Qxe7 0-1

[Event "8th EUR-ch"]
[Site "Dresden GER"]
[Date "2007.04.09"]
[Round "7.189"]
[White "Jaenig, Reinhard"]
[Black "Glantz, Robert"]
[Result "1/2-1/2"]
[WhiteElo "2176"]
[BlackElo "1991"]
[EventDate "2007.04.03"]
[PlyCount "69"]

1.e4 c5 2.Nf3 d6 3.d4 cxd4 4.Nxd4 Nf6 5.Nc3 a6 6.Bg5 e6 7.f4 Qc7 8.Qf3 b5 
9.a3 Nbd7 10.O-O-O Be7 11.Bd3 Bb7 12.Rhe1 Qb6 13.Nb3 Rc8 14.Kb1 h6 15.Bh4 
Rxc3 16.bxc3 Nxe4 17.Bxe4 Bxe4 18.Rxe4 Bxh4 19.f5 Ne5 20.Qh3 Bf6 21.fxe6 
O-O 22.exf7+ Nxf7 23.Qe3 Qc6 24.Nd4 Qc5 25.Re8 Qxa3 26.Rxf8+ Kxf8 27.Qf3 
Kg8 28.Qc6 Kh7 29.Qe4+ g6 30.Qb7 Kg7 31.Ne6+ Kg8 32.Qc8+ Kh7 33.Nf8+ Kg7 
34.Ne6+ Kh7 35.Nf8+ 1/2-1/2

[Event "8th EUR-ch"]
[Site "Dresden GER"]
[Date "2007.04.09"]
[Round "7.191"]
[White "Ringoir, Guy"]
[Black "Johansen, Paul"]
[Result "0-1"]
[WhiteElo "1954"]
[BlackElo "2108"]
[EventDate "2007.04.03"]
[PlyCount "78"]

1.e4 c6 2.d4 d5 3.exd5 cxd5 4.c4 e6 5.Nf3 Nf6 6.Nc3 Be7 7.Bg5 O-O 8.c5 h6 
9.Bxf6 Bxf6 10.Bd3 Nc6 11.Bc2 b6 12.Qd3 Re8 13.O-O-O Nb4 14.Qh7+ Kf8 15.
Ba4 Bd7 16.Bxd7 Qxd7 17.a3 bxc5 18.axb4 cxb4 19.Ne2 Qa4 20.Kd2 Rac8 21.Rc1
Rc4 22.Rxc4 dxc4 23.Qc2 Qb5 24.Rc1 Rc8 25.h4 e5 26.dxe5 Bxe5 27.Nxe5 Qxe5 
28.Ke1 Kg8 29.Kf1 a5 30.Ng3 c3 31.bxc3 Rxc3 32.Qb1 Rxc1+ 33.Qxc1 b3 34.h5 
b2 35.Qc8+ Kh7 36.Qc2+ g6 37.hxg6+ fxg6 38.Ne2 a4 39.Qd3 Qf5 0-1

[Event "8th EUR-ch"]
[Site "Dresden GER"]
[Date "2007.04.09"]
[Round "7.192"]
[White "Mayer, Frank"]
[Black "Grosse, Manfred"]
[Result "1-0"]
[WhiteElo "2076"]
[BlackElo "1955"]
[EventDate "2007.04.03"]
[PlyCount "79"]

1.e4 c5 2.c3 d5 3.exd5 Qxd5 4.d4 cxd4 5.cxd4 Nc6 6.Nf3 e5 7.Nc3 Bb4 8.Bd2 
Bxc3 9.Bxc3 e4 10.Ne5 Nxe5 11.dxe5 Ne7 12.Qa4+ Bd7 13.Qa3 Bg4 14.h3 Bh5 
15.Qa4+ Qd7 16.Bb5 Nc6 17.Qxe4 O-O 18.O-O a6 19.Bc4 Rae8 20.f4 b5 21.Bb3 
b4 22.Bxb4 Nxb4 23.Qxb4 Be2 24.Rf2 Rb8 25.Qe1 Rxb3 26.axb3 Bb5 27.Rd1 Qe6 
28.Qe3 f6 29.Rd6 Qe7 30.Qd4 f5 31.Qd5+ Kh8 32.Rd2 h6 33.Rd8 Qa7+ 34.Kh2 
Rxd8 35.Qxd8+ Kh7 36.Qc8 Be8 37.Qxe8 Qe3 38.Rd1 Qxf4+ 39.Kh1 Qf2 40.Qd7 
1-0

[Event "8th EUR-ch"]
[Site "Dresden GER"]
[Date "2007.04.09"]
[Round "7.194"]
[White "Grigoryan, Meri"]
[Black "Hesselbarth, Karlheinz"]
[Result "1-0"]
[WhiteElo "2058"]
[BlackElo "1929"]
[EventDate "2007.04.03"]
[PlyCount "43"]

1.e4 e5 2.f4 exf4 3.Nf3 d6 4.d4 g5 5.h4 g4 6.Ng5 h6 7.Nxf7 Kxf7 8.Bc4+ Ke8
9.Bxf4 Bg7 10.c3 Nf6 11.Qb3 Qe7 12.O-O Rf8 13.e5 dxe5 14.Bxe5 Nfd7 15.Bg3 
Rxf1+ 16.Bxf1 Nc6 17.Na3 Kd8 18.Re1 Qf8 19.Nb5 Nce5 20.dxe5 Nc5 21.Qd5+ 
Bd7 22.e6 1-0

[Event "8th EUR-ch"]
[Site "Dresden GER"]
[Date "2007.04.09"]
[Round "7.197"]
[White "Marville, Gregoire"]
[Black "Muehle, Hans-Bernd"]
[Result "1-0"]
[WhiteElo "2031"]
[BlackElo "1944"]
[EventDate "2007.04.03"]
[PlyCount "69"]

1.d4 d5 2.Bf4 Bf5 3.e3 Nf6 4.c4 c6 5.Nc3 g6 6.Qb3 Qb6 7.c5 Qxb3 8.axb3 
Nbd7 9.h3 Bg7 10.b4 O-O 11.g4 Be6 12.b5 a5 13.Bd3 Ne4 14.bxc6 bxc6 15.Nxe4
dxe4 16.Bxe4 Rfc8 17.Ne2 a4 18.O-O Bc4 19.Rfe1 Nxc5 20.dxc5 Bxb2 21.Nd4 
Bd5 22.Bxd5 cxd5 23.Ra2 a3 24.Re2 f6 25.Ne6 Rc6 26.Rexb2 Rxe6 27.Rb6 Re4 
28.c6 e5 29.Bg3 Rc4 30.g5 d4 31.exd4 exd4 32.c7 d3 33.Rb8+ Kf7 34.Rxa8 Rc2
35.Rxc2 1-0

[Event "8th EUR-ch"]
[Site "Dresden GER"]
[Date "2007.04.11"]
[Round "8.8"]
[White "Galkin, Alexander"]
[Black "Timofeev, Artyom"]
[Result "1/2-1/2"]
[WhiteElo "2590"]
[BlackElo "2658"]
[EventDate "2007.04.03"]
[PlyCount "48"]

1.e4 c5 2.Nf3 d6 3.d4 cxd4 4.Nxd4 Nf6 5.Nc3 a6 6.Be2 g6 7.O-O Bg7 8.Be3 
O-O 9.f4 Nbd7 10.Kh1 Qc7 11.a4 Nb6 12.Bg1 Bd7 13.Qe1 Rac8 14.Qh4 Nc4 15.
Nd5 Nxd5 16.exd5 Bf6 17.Qh6 Nxb2 18.f5 Bg7 19.Qh4 Bf6 20.Qh6 Nxa4 21.Rf3 
Bg7 22.Qh4 Bf6 23.Qh6 Bg7 24.Qh4 Bf6 1/2-1/2

[Event "8th EUR-ch"]
[Site "Dresden GER"]
[Date "2007.04.11"]
[Round "8.11"]
[White "Avrukh, Boris"]
[Black "Babula, Vlastimil"]
[Result "1-0"]
[WhiteElo "2644"]
[BlackElo "2586"]
[EventDate "2007.04.03"]
[PlyCount "83"]

1.d4 Nf6 2.c4 e6 3.g3 d5 4.Nf3 dxc4 5.Bg2 a6 6.O-O Nc6 7.e3 Bd7 8.Nc3 Nd5 
9.Nd2 Nb6 10.Qe2 Na5 11.Nf3 Nc6 12.e4 Bb4 13.Rd1 O-O 14.d5 exd5 15.Nxd5 
Nxd5 16.exd5 Ne7 17.Qxc4 Bd6 18.b3 Re8 19.Bb2 Nf5 20.Rac1 Rc8 21.h4 f6 22.
g4 Nh6 23.g5 fxg5 24.Nxg5 b5 25.Qc3 Be5 26.Qc2 Bf5 27.Qd2 Nf7 28.Bxe5 Nxe5
29.Qf4 Qf6 30.Qg3 h6 31.Ne6 c6 32.Nf4 cxd5 33.Nxd5 Qf7 34.Ne3 Rxc1 35.Rxc1
Nd7 36.Rc7 Be6 37.Ra7 Rf8 38.Rxa6 Nf6 39.Qe5 Bc8 40.Ra8 Kh8 41.Qc5 Nh5 42.
Nf5 1-0

[Event "8th EUR-ch"]
[Site "Dresden GER"]
[Date "2007.04.11"]
[Round "8.13"]
[White "Socko, Bartosz"]
[Black "Khairullin, Ildar"]
[Result "1/2-1/2"]
[WhiteElo "2641"]
[BlackElo "2586"]
[EventDate "2007.04.03"]
[PlyCount "43"]

1.e4 e5 2.Nf3 Nc6 3.Bb5 a6 4.Bxc6 dxc6 5.O-O f6 6.d4 exd4 7.Nxd4 c5 8.Nb3 
Qxd1 9.Rxd1 Bg4 10.f3 Be6 11.Bf4 c4 12.Nd4 O-O-O 13.Nc3 Bf7 14.Kf1 Ne7 15.
Rd2 Ng6 16.Be3 Bc5 17.Rad1 Rhe8 18.Nf5 Rxd2 19.Rxd2 Bf8 20.Nd5 Ne5 21.Bf4 
Be6 22.h4 1/2-1/2

[Event "8th EUR-ch"]
[Site "Dresden GER"]
[Date "2007.04.11"]
[Round "8.15"]
[White "Van den Doel, Erik"]
[Black "Kobalia, Mikhail"]
[Result "1/2-1/2"]
[WhiteElo "2580"]
[BlackElo "2639"]
[EventDate "2007.04.03"]
[PlyCount "43"]

1.e4 e6 2.d4 d5 3.Nc3 Nf6 4.Bg5 dxe4 5.Nxe4 Nbd7 6.Nf3 h6 7.Nxf6+ Nxf6 8.
Be3 Nd5 9.Bd2 c5 10.Bb5+ Bd7 11.Bxd7+ Qxd7 12.c4 Nb6 13.Rc1 Rc8 14.dxc5 
Rxc5 15.Qe2 Be7 16.O-O O-O 17.Rfd1 Qa4 18.Be3 Rcc8 19.b3 Qa5 20.Bd4 Rfd8 
21.Qe3 Nd7 22.Qc3 1/2-1/2

[Event "8th EUR-ch"]
[Site "Dresden GER"]
[Date "2007.04.11"]
[Round "8.19"]
[White "Pavasovic, Dusko"]
[Black "Riazantsev, Alexander"]
[Result "1/2-1/2"]
[WhiteElo "2567"]
[BlackElo "2621"]
[EventDate "2007.04.03"]
[PlyCount "55"]

1.e4 c6 2.d4 d5 3.exd5 cxd5 4.c4 Nf6 5.Nc3 e6 6.Nf3 Bb4 7.cxd5 Nxd5 8.Qc2 
Nc6 9.Bd3 h6 10.O-O Nf6 11.a3 Bd6 12.Qe2 O-O 13.Bc2 b6 14.Rd1 Bb7 15.Ne5 
Ne7 16.Ng4 Nxg4 17.Qxg4 f5 18.Qe2 Rf6 19.Bb3 Nd5 20.Nxd5 Bxd5 21.Bxd5 exd5
22.Qf3 Bc7 23.Re1 Qd6 24.Re5 Rd8 25.Bf4 Qd7 26.Re3 Bxf4 27.Qxf4 Re8 28.
Rae1 1/2-1/2

[Event "8th EUR-ch"]
[Site "Dresden GER"]
[Date "2007.04.11"]
[Round "8.21"]
[White "Bocharov, Dmitry"]
[Black "Gajewski, Grzegorz"]
[Result "1/2-1/2"]
[WhiteElo "2614"]
[BlackElo "2540"]
[EventDate "2007.04.03"]
[PlyCount "123"]

1.d4 Nf6 2.c4 e6 3.Nc3 Bb4 4.Qc2 d5 5.a3 Bxc3+ 6.Qxc3 Ne4 7.Qc2 c5 8.dxc5 
Nc6 9.e3 Qa5+ 10.Bd2 Nxd2 11.Qxd2 dxc4 12.Bxc4 Qxc5 13.Rc1 Qa5 14.Rc3 O-O 
15.Nf3 Rd8 16.Qc2 Bd7 17.O-O Ne5 18.Be2 Rac8 19.Rc1 Rxc3 20.Qxc3 Qxc3 21.
Rxc3 Nc6 22.b4 Kf8 23.Kf1 Ke7 24.Ke1 Rc8 25.Kd2 a5 26.bxa5 Nxa5 27.Rxc8 
Bxc8 28.Kc3 b6 29.Nd2 h6 30.Kb4 Kd6 31.f4 Bd7 32.g3 f6 33.h4 Bc6 34.Bb5 
Bb7 35.Bd3 Bc6 36.g4 Nb7 37.Be4 Nc5 38.Bxc6 Kxc6 39.Kc4 e5 40.fxe5 fxe5 
41.Nf3 b5+ 42.Kb4 Nd3+ 43.Kc3 Nf2 44.Nxe5+ Kd5 45.Ng6 Nxg4 46.Kb4 Nxe3 47.
Kxb5 Nd1 48.h5 Ke6 49.Kb4 Nb2 50.Nf4+ Ke5 51.Kb3 Nd1 52.Ne2 Ne3 53.a4 Kd6 
54.Kb4 Kc6 55.a5 Nd5+ 56.Kc4 Ne3+ 57.Kd4 Ng4 58.Nf4 Kb5 59.Nd5 Kxa5 60.Ke4
Kb5 61.Kf5 Kc5 62.Ke4 1/2-1/2

[Event "8th EUR-ch"]
[Site "Dresden GER"]
[Date "2007.04.11"]
[Round "8.22"]
[White "Nevednichy, Vladislav"]
[Black "Kozul, Zdenko"]
[Result "1-0"]
[WhiteElo "2528"]
[BlackElo "2610"]
[EventDate "2007.04.03"]
[PlyCount "103"]

1.e4 c5 2.Nf3 d6 3.d4 cxd4 4.Nxd4 Nf6 5.Nc3 Nc6 6.Bg5 e6 7.Qd2 a6 8.O-O-O 
Bd7 9.f4 b5 10.Bxf6 gxf6 11.Kb1 Qb6 12.Nce2 Rc8 13.g3 Na5 14.b3 Nc6 15.c3 
Nxd4 16.Nxd4 h5 17.Bg2 h4 18.Bf3 a5 19.Rhe1 hxg3 20.hxg3 Bg7 21.Re3 Ke7 
22.Rd3 Be8 23.Bg4 Qc5 24.Nc2 Rd8 25.Bf3 Qb6 26.Ne3 Bc6 27.Qe2 Bb7 28.Re1 
Kf8 29.Red1 Qc5 30.Nc2 Kg8 31.Qd2 Rc8 32.Qe2 Bf8 33.Nd4 b4 34.c4 a4 35.e5 
Bxf3 36.Qxf3 f5 37.g4 dxe5 38.gxf5 exd4 39.Qg4+ Bg7 40.f6 Rh7 41.Rxd4 Qa5 
42.bxa4 Re8 43.R4d3 Kf8 44.Rg1 Qxa4 45.Rh3 Ra8 46.Qxg7+ Ke8 47.Qg2 Rxh3 
48.Qg8+ Kd7 49.Qxf7+ Kc6 50.Qxe6+ Kc5 51.Rg5+ Kd4 52.Rd5+ 1-0

[Event "8th EUR-ch"]
[Site "Dresden GER"]
[Date "2007.04.11"]
[Round "8.23"]
[White "Jianu, Vlad-Cristian"]
[Black "Landa, Konstantin"]
[Result "1/2-1/2"]
[WhiteElo "2506"]
[BlackElo "2608"]
[EventDate "2007.04.03"]
[PlyCount "28"]

1.d4 Nf6 2.c4 e6 3.Nf3 d5 4.Nc3 Bb4 5.Bg5 h6 6.Bh4 dxc4 7.e3 b5 8.a4 c6 9.
Be2 Bb7 10.O-O Qb6 11.Ne5 Nbd7 12.f4 a6 13.Bh5 g6 14.Bf3 Rg8 1/2-1/2

[Event "8th EUR-ch"]
[Site "Dresden GER"]
[Date "2007.04.11"]
[Round "8.24"]
[White "Shengelia, Davit"]
[Black "Laznicka, Viktor"]
[Result "0-1"]
[WhiteElo "2523"]
[BlackElo "2608"]
[EventDate "2007.04.03"]
[PlyCount "96"]

1.d4 d5 2.c4 c6 3.Nf3 Nf6 4.Nc3 a6 5.c5 Nbd7 6.Bf4 Nh5 7.Bd2 Nhf6 8.h3 e5 
9.Nxe5 Nxe5 10.dxe5 Nd7 11.e4 Bxc5 12.Qg4 g6 13.exd5 Nxe5 14.Qg3 O-O 15.
O-O-O f6 16.Bh6 Qb6 17.Na4 Qa7 18.Bxf8 Bxf2 19.Bc5 Bxg3 20.Bxa7 Rxa7 21.
dxc6 Bf4+ 22.Kc2 Bf5+ 23.Kc3 b5 24.Nc5 Nxc6 25.g4 Be5+ 26.Kd2 Bf4+ 27.Ke2 
Re7+ 28.Kf3 Be3 29.gxf5 Bxc5 30.Bd3 Re3+ 31.Kg2 Ne5 32.Bf1 gxf5 33.h4 f4 
34.Rh3 f3+ 35.Kh1 Kf7 36.Rg3 h5 37.Bh3 Re4 38.Bc8 a5 39.Kh2 Ng4+ 40.Rxg4 
hxg4 41.Kg3 f2 42.Rf1 Re1 43.Kg2 g3 44.Ba6 f5 45.Bxb5 f4 46.Bc6 Kf6 47.a3 
a4 48.Bd7 Ke5 0-1

[Event "8th EUR-ch"]
[Site "Dresden GER"]
[Date "2007.04.11"]
[Round "8.26"]
[White "Jobava, Baadur"]
[Black "Lupulescu, Constantin"]
[Result "0-1"]
[WhiteElo "2658"]
[BlackElo "2565"]
[EventDate "2007.04.03"]
[PlyCount "72"]

1.c4 Nf6 2.Nc3 c5 3.g3 d5 4.cxd5 Nxd5 5.Bg2 Nc7 6.b3 e5 7.Bb2 Be7 8.Nf3 f6
9.Rc1 O-O 10.O-O Nc6 11.Na4 Na6 12.Ne1 Bd7 13.Nd3 b6 14.f4 exf4 15.Nxf4 
Rc8 16.e3 Kh8 17.Nc3 Nc7 18.a3 Ne6 19.Qc2 Nxf4 20.Rxf4 Be6 21.Be4 Bd6 22.
Rh4 f5 23.Bxc6 Rxc6 24.Nb5 Be7 25.Ra4 Bd7 26.Rxa7 Rg6 27.a4 Bc6 28.Re1 Qd5
29.e4 fxe4 30.Nc3 Qd4+ 31.Re3 Qf6 32.Qd1 Rxg3+ 33.hxg3 Qf2+ 34.Kh1 Rf6 35.
Qh5 Qf1+ 36.Kh2 Rf2# 0-1

[Event "8th EUR-ch"]
[Site "Dresden GER"]
[Date "2007.04.11"]
[Round "8.28"]
[White "Epishin, Vladimir"]
[Black "Miroshnichenko, Evgenij"]
[Result "1/2-1/2"]
[WhiteElo "2559"]
[BlackElo "2646"]
[EventDate "2007.04.03"]
[PlyCount "51"]

1.d4 Nf6 2.c4 e6 3.Nf3 c5 4.e3 cxd4 5.exd4 d5 6.Nc3 Bb4 7.cxd5 Nxd5 8.Bd2 
Nc6 9.Bd3 Be7 10.O-O Ndb4 11.Be2 O-O 12.a3 Nd5 13.Qb3 Bf6 14.Rad1 Bxd4 15.
Nxd5 exd5 16.Bb4 Nxb4 17.Nxd4 Nc6 18.Bf3 Qf6 19.Nb5 d4 20.Nc7 Rb8 21.Bxc6 
Qxc6 22.Nd5 Qc5 23.Rc1 Qd6 24.Rcd1 Qc5 25.Rc1 Qd6 26.Rcd1 1/2-1/2

[Event "8th EUR-ch"]
[Site "Dresden GER"]
[Date "2007.04.11"]
[Round "8.33"]
[White "Mastrovasilis, Dimitrios"]
[Black "Sakaev, Konstantin"]
[Result "1/2-1/2"]
[WhiteElo "2546"]
[BlackElo "2633"]
[EventDate "2007.04.03"]
[PlyCount "154"]

1.e4 c6 2.d4 d5 3.e5 c5 4.dxc5 Nc6 5.Bb5 e6 6.Be3 Ne7 7.c3 Bd7 8.Bxc6 Bxc6
9.Nf3 Nf5 10.Qd2 a5 11.Na3 Nxe3 12.Qxe3 a4 13.b4 axb3 14.axb3 b6 15.Nd4 
bxc5 16.Nxc6 Qd7 17.O-O Qxc6 18.Nb5 Rxa1 19.Rxa1 Qxb5 20.Ra8+ Kd7 21.Qf4 
f6 22.exf6 Bd6 23.Ra7+ Kc6 24.fxg7 Qxb3 25.Ra6+ Kb5 26.Ra1 Ra8 27.Qc1 Rg8 
28.Rb1 c4 29.Qc2 Ka4 30.Qxh7 Rxg7 31.Ra1+ Ba3 32.Qxg7 Qb2 33.Re1 Kb3 34.
Qd4 Qc2 35.Qb6+ Ka2 36.h4 Bb2 37.Qa5+ Kb3 38.Qb4+ Ka2 39.Qa5+ Kb3 40.Qb6+ 
Ka2 41.Qxe6 Bxc3 42.Re2 Bd2 43.h5 Kb1 44.Kh2 c3 45.g3 Qd3 46.Qb6+ Kc1 47.
Re7 Qf5 48.h6 c2 49.h7 Qf8 50.Qd4 Kd1 51.h8=Q Qxe7 52.Qa4 Qe4 53.Qha1+ Ke2
54.Qa6+ Qc4 55.Qe6+ Qe4 56.Qaa6+ Kd1 57.Qxe4 dxe4 58.Qa4 Bc3 59.Qb3 Kd2 
60.Qd5+ Kc1 61.Qb3 Kd2 62.Qd5+ Kc1 63.Qxe4 Kb2 64.Qe2 Kb1 65.Qd3 Kb2 66.
Qb5+ Ka3 67.Qc5+ Kb2 68.Qb6+ Ka3 69.Qa6+ Kb2 70.Qb7+ Ka3 71.Qe7+ Kb2 72.
Qb7+ Ka3 73.Qa7+ Kb2 74.Qb6+ Ka3 75.Qe3 Kb2 76.Qe2 Kb1 77.Qd3 Kb2 1/2-1/2

[Event "8th EUR-ch"]
[Site "Dresden GER"]
[Date "2007.04.11"]
[Round "8.34"]
[White "Postny, Evgeny"]
[Black "Romanishin, Oleg"]
[Result "1/2-1/2"]
[WhiteElo "2622"]
[BlackElo "2542"]
[EventDate "2007.04.03"]
[PlyCount "68"]

1.e4 e5 2.Nf3 Nc6 3.Bc4 Nf6 4.Ng5 d5 5.exd5 Na5 6.Bb5+ c6 7.dxc6 bxc6 8.
Be2 h6 9.Nh3 Be7 10.d3 O-O 11.Nc3 Rb8 12.O-O c5 13.Kh1 Nc6 14.Ng1 Nd4 15.
Nf3 Qc7 16.Nd2 Bb7 17.Re1 Rbd8 18.Bf1 Rfe8 19.Nce4 Nd5 20.Ng3 Nf4 21.c3 
Nde6 22.Nc4 Ng6 23.Nf5 Bg5 24.Qg4 Bxc1 25.Raxc1 Nef4 26.Rcd1 Bc8 27.Nce3 
Qb6 28.Qf3 Qxb2 29.Nc4 Qb8 30.Rb1 Qc7 31.Nfe3 Nh4 32.Qg3 Nhg6 33.Qf3 Nh4 
34.Qg3 Nhg6 1/2-1/2

[Event "8th EUR-ch"]
[Site "Dresden GER"]
[Date "2007.04.11"]
[Round "8.35"]
[White "Wojtaszek, Radoslaw"]
[Black "Kuzubov, Yuriy"]
[Result "1/2-1/2"]
[WhiteElo "2620"]
[BlackElo "2545"]
[EventDate "2007.04.03"]
[PlyCount "96"]

1.d4 Nf6 2.c4 e6 3.Nf3 Bb4+ 4.Nbd2 b6 5.a3 Bxd2+ 6.Bxd2 Bb7 7.Bg5 d6 8.e3 
Nbd7 9.Bd3 Qe7 10.O-O h6 11.Bh4 O-O 12.Nd2 c5 13.b4 Rfd8 14.Qb3 Bc6 15.Qb2
a5 16.h3 Qf8 17.Bg3 axb4 18.axb4 Rxa1 19.Rxa1 Ra8 20.Rxa8 Qxa8 21.Bxd6 
Bxg2 22.dxc5 bxc5 23.bxc5 Bc6 24.Qb1 Qd8 25.Nb3 e5 26.Nd2 Qa8 27.Kh2 Qd8 
28.Ne4 Ne8 29.Ng3 Qf6 30.Nf5 g6 31.Nxh6+ Kg7 32.Ng4 Qf3 33.Qf1 Nxd6 34.
cxd6 f5 35.Be2 Qe4 36.f3 Qc2 37.Nf2 Qd2 38.e4 fxe4 39.fxe4 Qxd6 40.Qd1 Qf6
41.Kg1 Nc5 42.Bf3 Qe7 43.Qa1 Nb3 44.Qc3 Nd4 45.Kg2 Qg5+ 46.Ng4 Qf4 47.Nf2 
Qg5+ 48.Ng4 Qf4 1/2-1/2

[Event "8th EUR-ch"]
[Site "Dresden GER"]
[Date "2007.04.11"]
[Round "8.37"]
[White "Alexandrov, Alexei"]
[Black "Georgiev, Vladimir"]
[Result "0-1"]
[WhiteElo "2609"]
[BlackElo "2540"]
[EventDate "2007.04.03"]
[PlyCount "80"]

1.d4 d5 2.c4 c6 3.Nf3 Nf6 4.e3 Bg4 5.h3 Bxf3 6.Qxf3 e6 7.Bd3 Nbd7 8.O-O 
Bd6 9.Rd1 O-O 10.Nc3 Qe7 11.g3 Rad8 12.b3 Rfe8 13.Qg2 Bb4 14.Bb2 e5 15.
cxd5 Bxc3 16.Bxc3 Nxd5 17.Ba5 b6 18.Bd2 e4 19.Be2 Nf8 20.Rdc1 Rd6 21.Rc2 
Qd7 22.b4 f5 23.a4 Ne6 24.Rac1 Kh8 25.h4 f4 26.Bg4 fxe3 27.fxe3 Nf6 28.Bh3
Qb7 29.Qe2 b5 30.axb5 cxb5 31.g4 Nd5 32.g5 Ndf4 33.exf4 Nxd4 34.Qh5 g6 35.
Qd1 Nf3+ 36.Kf1 Nxd2+ 37.Rxd2 e3 38.Rxd6 e2+ 39.Kg1 exd1=Q+ 40.Rcxd1 Qf3 
0-1